Central Library and Information Centre
Sibsagar Girls' College, Sivasagar : Assam

UCHATTAR MADHYAMIK GANIT (For XII) Vol -2 (Record no. 10691)

MARC details
000 -LEADER
fixed length control field 00522cam a2200205ua 4500
008 - FIXED-LENGTH DATA ELEMENTS--GENERAL INFORMATION
fixed length control field 160314n2011 II |||gr||||Z||||||asm
040 ## - CATALOGING SOURCE
Original cataloging agency MAIN
041 ## - LANGUAGE CODE
-- English
082 ## - DEWEY DECIMAL CLASSIFICATION NUMBER
Classification number 510 NCE
100 ## - MAIN ENTRY--PERSONAL NAME
Personal name NCERT & AHSEC.
245 ## - TITLE STATEMENT
Title UCHATTAR MADHYAMIK GANIT (For XII) Vol -2
250 ## - EDITION STATEMENT
Edition statement 1ST.
260 ## - PUBLICATION, DISTRIBUTION, ETC.
Place of publication, distribution, etc. NEW DELHI
Name of publisher, distributor, etc. NCERT
Date of publication, distribution, etc. 2011
300 ## - PHYSICAL DESCRIPTION
Extent 750:
Dimensions 24CM.
500 ## - GENERAL NOTE
General note TRANSFERRED TO SANASKRITI JUNIOR COLLEGE,SGC
700 ## - ADDED ENTRY--PERSONAL NAME
Personal name NCERT & AHSEC.,
Relator term Author.
942 ## - ADDED ENTRY ELEMENTS (KOHA)
Koha item type Books
653 ## - INDEX TERM--UNCONTROLLED
Uncontrolled term Mathematics
Holdings
Withdrawn status Lost status Damaged status Not for loan Collection code Home library Current library Shelving location Date acquired Full call number Barcode Date last seen Copy number Price effective from Koha item type
Withdrawn       TBMAT Central Library and Information Centre Sibsagar Girls College Central Library and Information Centre Sibsagar Girls College Mathematics Rack 18.03.1987 510 NCE 09252 27.02.2020 1 27.02.2020 Books


Sibsagar Girl's College © 2020. All rights reserved.
Powered by Koha.
Maintained by Abhijit Borpuzari.